| 000 | 00638nam a22001817a 4500 | ||
|---|---|---|---|
| 003 | AUA.1 | ||
| 005 | 20251118184445.0 | ||
| 008 | 250709b |||||||| |||| 00| 0 eng d | ||
| 040 | _cJTL | ||
| 100 | _aChabale, Bosenakitso | ||
| 245 |
_aThe role of spiritual guardians in retention newly baptized members : _bA case study of Lenganeng Adventist Church / _cBosenakitso Chabale. |
||
| 260 | _cc2025. | ||
| 300 |
_aviii,63 leaves : _bIllustrations : _c30cm. |
||
| 610 | _aLenganeng Adventist Church | ||
| 650 | _aChristian life | ||
| 650 |
_aBaptism and church membership _910122 |
||
| 942 |
_2aua _cPROJECT _hMA PTh _i.C43 2025 |
||
| 999 |
_c25166 _d25166 |
||